|
|
|
|
| LEADER |
01183nam a22002897a 4500 |
| 001 |
35444 |
| 003 |
BD-DhAAL |
| 005 |
20191021110320.0 |
| 008 |
191021r19961984enk||||| |||| 00| 0 eng d |
| 999 |
|
|
|c 41645
|d 41645
|
| 020 |
|
|
|a 8173041741
|
| 040 |
|
|
|a BD-DhAAL
|
| 082 |
|
|
|a 305.420954
|
| 245 |
|
|
|a In search of answers Indian women's voices from manushi :
|b a selection from the first five years of Manushi /
|c edited by Madhu Kishwar and Ruth Vanita
|
| 260 |
|
|
|a New Delhi, India :
|b Manohar,
|c 1999 [reprinted 1996]
|
| 300 |
|
|
|a 249 pages ;
|c 22 cm.
|
| 526 |
|
|
|a BIED
|
| 541 |
|
|
|a Complimentary copy from BIED
|e 35444
|
| 650 |
|
|
|a Women
|z India
|x Social conditions.
|9 36238
|
| 650 |
|
|
|a Women in development
|z India.
|9 36239
|
| 650 |
|
|
|a Women
|x Political activity
|z India.
|9 36240
|
| 650 |
|
|
|a Social science
|9 36241
|
| 700 |
|
|
|a Kishwar, Madhu
|9 36242
|
| 700 |
|
|
|a Vanita, Ruth
|9 36243
|
| 852 |
|
|
|a Ayesha Abed Library
|c General Stacks
|
| 942 |
|
|
|2 ddc
|c BK
|
| 952 |
|
|
|0 0
|1 0
|2 ddc
|4 0
|6 305_420954000000000_SEA
|7 0
|9 66860
|a BRACUL
|b BRACUL
|c GEN
|d 2019-10-21
|e Complimentary copy from BIED
|l 0
|o 305.420954 SEA
|p 3010035444
|r 2019-10-21
|t 1
|w 2019-10-21
|y BK
|x Transferred from BIED to General Stacks
|